The algebra of invariants /
Guardado en:
| Autor Principal: | |
|---|---|
| Otros Autores: | |
| Formato: | Libro |
| Idioma: | English |
| Publicado: |
New York :
G. E. Stechert,
1941.
|
| Etiquetas: |
Agregar Etiqueta
Sin Etiquetas, Sea el primero en etiquetar este registro!
|
| LEADER | 00609nam a22001695a 4500 | ||
|---|---|---|---|
| 001 | MAT.inmabb004169 | ||
| 008 | 070214r19411903nyu###########001#0#eng#d | ||
| 005 | 20170602115341.0 | ||
| 245 | 1 | 4 | |a The algebra of invariants / |c by J. H. Grace and A. Young. |
| 260 | |a New York : |b G. E. Stechert, |c 1941. | ||
| 300 | |a vi, 384 p. ; |c 22 cm. | ||
| 500 | |a Publicado originalmente: Cambridge, The University Press, 1903. | ||
| 510 | 4 | |a MR |3 Reprint of the 1903 original, |c 2012g:01022 | |
| 100 | 1 | |a Grace, J. H. |q (John Hilton), |d 1873- | |
| 700 | 1 | |a Young, Alfred. | |
| 084 | |a 01A75 (13A50) |2 MR | ||
| 859 | |h 13 |i G729 |p A-7221 |b BIB. MATEMATICA | ||
